Chess Terms Quiz - Statistics

General Stats
  • This quiz has been taken 312 times
  • The average score is 15 of 16
Answer Stats
Answer % Correct
Knight
100%
Pawn
100%
Queen
100%
Bishop
99%
Checkmate
99%
King
99%
Rook
99%
Black
98%
White
98%
2
97%
2
97%
8
96%
64
95%
En passant
86%
Castling
81%
Stalemate
76%
No matching quizzes found
Score Distribution
Percent of People with Each Score
Percentile by Number Answered
Your Score History
You have not taken this quiz